Corriere della sera. (Record no. 734)

MARC details
000 -LEADER
campo de control de longitud fija 00797nas a2200253 i 4500
001 - NÚMERO DE CONTROL
campo de control 734
003 - IDENTIFICADOR DE NÚMERO DE CONTROL
campo de control ES-MaACL
005 - FECHA Y HORA DE LA ÚLTIMA TRANSACCIÓN
campo de control 20250718150754.0
007 - CAMPO FIJO DE DESCRIPCIÓN FÍSICA--INFORMACIÓN GENERAL
campo de control de longitud fija t|
008 - DATOS DE LONGITUD FIJA--INFORMACIÓN GENERAL
campo de control de longitud fija 950801c1876 it d| | 1 ||ta d
080 ## - NÚMERO DE LA CLASIFICACIÓN DECIMAL UNIVERSAL
Número de la Clasificación Decimal Universal 45
245 00 - MENCIÓN DEL TÍTULO
Título Corriere della sera.
260 ## - PUBLICACIÓN, DISTRIBUCIÓN, ETC.
Lugar de publicación, distribución, etc. Milano :
Nombre del editor, distribuidor, etc. Tip. Via Solferino, 28,
Fecha de publicación, distribución, etc. [1876?]
300 ## - DESCRIPCIÓN FÍSICA
Extensión 298 v. :
Otras características físicas grab. ;
Dimensiones 60 cm.
310 ## - PERIODICIDAD ACTUAL
Periodicidad actual Diaria
362 0# - FECHAS DE PUBLICACIÓN Y/O DESIGNACIÓN SECUENCIAL
Fecha de publicación y/o designación secuencial Año I (1876)-
500 ## - NOTA GENERAL
Nota general Recupera el tít. : Corriere della sera. 1977.
650 14 - PUNTO DE ACCESO ADICIONAL DE MATERIA--TÉRMINO DE MATERIA
Término de materia o nombre geográfico como elemento de entrada Periódicos
9 (RLIN) 15941
785 00 - ENTRADA/ENLACE A UN TÍTULO POSTERIOR
Encabezamiento principal Il Nuovo corriere della sera
Lugar, editor y fecha de publicación 1955
852 ## - LOCALIZACIÓN
Ubicación ES-MaACL
Número de control de estantería HEM-H-438
Signatura antigua Olim: Hem-1628
itemnumber 756
Nota libre Expurgado: 22-1-2025
866 #0 - MENCIÓN TEXTUAL DE FONDOS--UNIDAD BIBLIOGRÁFICA BÁSICA
Fondos (1955f.n.50y72y126y247y307),1977-1979(1980-1982)1983,(1987)1988-2003(2004 f.jul-dic).
942 ## - ELEMENTOS DE ENTRADA SECUNDARIOS (KOHA)
Fuente del sistema de clasificación o colocación Clasificación decimal universal
Tipo de ítem Koha Periódico
Holdings
Estatus retirado Estado de pérdida Fuente del sistema de clasificación o colocación Estado de daño No para préstamo Colección Biblioteca de origen Biblioteca actual Ubicación en estantería Fecha de adquisición Total de préstamos Signatura topográfica completa Código de barras Visto por última vez Precio de reemplazo Tipo de ítem Koha
Expurgado   Clasificación decimal universal     Periódicos y Revistas Biblioteca del Ateneo de Madrid Biblioteca del Ateneo de Madrid Hemeroteca 17/01/2008   HEM-H-438 1000748 23/02/2023 23/02/2023 Periódico